Taming the Time Stealers: Tricks of the Trade From Organised Teachers (Record no. 25318)

MARC details
000 -LEADER
fixed length control field 00692nam a22002177a 4500
003 - CONTROL NUMBER IDENTIFIER
control field OSt
005 - DATE AND TIME OF LATEST TRANSACTION
control field 20260629114726.0
008 - FIXED-LENGTH DATA ELEMENTS--GENERAL INFORMATION
fixed length control field 260629b |||||||| |||| 00| 0 eng d
020 ## - INTERNATIONAL STANDARD BOOK NUMBER
International Standard Book Number 0803968434
040 ## - CATALOGING SOURCE
Transcribing agency Chuka University Library
050 ## - LIBRARY OF CONGRESS CALL NUMBER
Classification number LB 2838.8
Item number .G6 1999
100 ## - MAIN ENTRY--PERSONAL NAME
Personal name M.C. Gore and Dowd John
9 (RLIN) 31417
245 ## - TITLE STATEMENT
Title Taming the Time Stealers: Tricks of the Trade From Organised Teachers
260 ## - PUBLICATION, DISTRIBUTION, ETC.
Place of publication, distribution, etc. Thousand Oaks
Name of publisher, distributor, etc. Corwin Press
Date of publication, distribution, etc. 1999
300 ## - PHYSICAL DESCRIPTION
Extent xi, 162P
Other physical details Illustrations
650 ## - SUBJECT ADDED ENTRY--TOPICAL TERM
Topical term or geographic name entry element Teachers: Time Management
9 (RLIN) 28737
650 ## - SUBJECT ADDED ENTRY--TOPICAL TERM
Topical term or geographic name entry element Effective Teaching
9 (RLIN) 11612
650 ## - SUBJECT ADDED ENTRY--TOPICAL TERM
Topical term or geographic name entry element Teaching-Decision Making
9 (RLIN) 31418
650 ## - SUBJECT ADDED ENTRY--TOPICAL TERM
Topical term or geographic name entry element Classroom Environment
9 (RLIN) 29069
942 ## - ADDED ENTRY ELEMENTS (KOHA)
Source of classification or shelving scheme Library of Congress Classification
Koha item type Long Loan Books
Suppress in OPAC No
Holdings
Withdrawn status Lost status Source of classification or shelving scheme Damaged status Not for loan Collection Home library Current library Shelving location Date acquired Source of acquisition Total Checkouts Full call number Barcode Date last seen Copy number Price effective from Koha item type
    Library of Congress Classification     General Collection Books Main Campus Library Main Campus Library General Stacks 29/06/2026 Donations from Books for Africa   LB 2838.8 .G6 1999 35908/2026 29/06/2026 1 29/06/2026 Long Loan Books

Powered by Koha